00689nam a2200217Ia 45000010006000000050017000060070003000230080041000260400025000670410013000920820018001051000032001232450085001552500013002402600046002536530019002996530015003189420012003339520109003459990017004544110020240114003405.0ta170529s1993 ii g b000 u asm u aCotton College,Assam aasmh098 a297bAh 51 Un aKasimi, Hafiz Wasir Ahmed . 0aUnmul Amraj Ba Atmik Byadhir Mul /cHafiz Wasir Ahmed Kasimi.hTextual Documents a1st ed / aHojai (Assam) :bMarkazul Maarif ,c1993. aReligion-Islam aG-Religion 2ddccBK 00104070aSKBLbSKBLd2012-02-01f00000l0o297 Ah 51 Unp2500r2024-01-14 00:00:00t1w2012-02-01yBK c41070d41070